000 00421nam a22001697a 4500
003 OSt
008 250426b |||||||| |||| 00| 0 eng d
020 _a9788125601098
100 _aSiddiqui, Anees Ahmad
245 _ahuman Anatomy and Physiology
250 _a1st
260 _aDelhi
_bTara pub
_c2025
300 _aviii,252
650 _aHuman Anatomy and Physiology
700 _aSiddiqui, Seema
942 _2ddc
_cBK
999 _c13458
_d13458